[Event "Rio de Janeiro Andrade Memorial"]
[Site "Rio de Janeiro"]
[Date "2004.07.21"]
[Round "2"]
[White "Madeira, Wagner Martins"]
[Black "Delgado Ramirez, Neuris"]
[Result "1/2-1/2"]
[WhiteElo "2271"]
[BlackElo "2550"]
[PlyCount "22"]
[EventDate "2004.07.20"]
[EventType "tourn"]
[EventRounds "11"]
[EventCountry "BRA"]
[EventCategory "2"]
[SourceTitle "CBM 101 Extra"]
[Source "ChessBase"]
[SourceDate "2004.09.01"]
[SourceVersion "2"]
[SourceVersionDate "2004.09.01"]
[SourceQuality "1"]

1. e4 e5 2. Nf3 Nf6 3. Nxe5 d6 4. Nf3 Nxe4 5. Qe2 Qe7 6. d3 Nf6 7. Bg5 Qxe2+ 8.
Bxe2 Be7 9. Nc3 c6 10. O-O-O Na6 11. d4 Nc7 1/2-1/2

[Event "Rio de Janeiro Andrade Memorial"]
[Site "Rio de Janeiro"]
[Date "2004.07.22"]
[Round "3"]
[White "Delgado Ramirez, Neuris"]
[Black "Maia, Marco Aurelio Ferre"]
[Result "1-0"]
[WhiteElo "2550"]
[BlackElo "2190"]
[PlyCount "67"]
[EventDate "2004.07.20"]
[EventType "tourn"]
[EventRounds "11"]
[EventCountry "BRA"]
[EventCategory "2"]
[SourceTitle "CBM 101 Extra"]
[Source "ChessBase"]
[SourceDate "2004.09.01"]
[SourceVersion "2"]
[SourceVersionDate "2004.09.01"]
[SourceQuality "1"]

1. e4 c5 2. Nf3 d6 3. c3 Nf6 4. Be2 e6 5. O-O Nc6 6. d3 Be7 7. Re1 O-O 8. Nbd2
h6 9. d4 cxd4 10. cxd4 d5 11. e5 Ne4 12. Bd3 f5 13. exf6 Nxf6 14. Nb3 Bd6 15.
h3 Qc7 16. Bd2 e5 17. dxe5 Nxe5 18. Nxe5 Bxe5 19. Bb4 Bd6 20. Rc1 Qd8 21. Bxd6
Qxd6 22. Qc2 Ne4 23. Bxe4 dxe4 24. Qxe4 Qf6 25. Re2 Bf5 26. Qxb7 Qg5 27. Rc3
Rad8 28. Rg3 Qf6 29. Qxa7 Ra8 30. Qc5 Rxa2 31. Nd4 Ra1+ 32. Kh2 Bd7 33. Qd5+
Qf7 34. Re7 1-0

[Event "Rio de Janeiro Andrade Memorial"]
[Site "Rio de Janeiro"]
[Date "2004.07.23"]
[Round "4"]
[White "Molina, Jorge"]
[Black "Delgado Ramirez, Neuris"]
[Result "0-1"]
[WhiteElo "2277"]
[BlackElo "2550"]
[PlyCount "92"]
[EventDate "2004.07.20"]
[EventType "tourn"]
[EventRounds "11"]
[EventCountry "BRA"]
[EventCategory "2"]
[SourceTitle "CBM 101 Extra"]
[Source "ChessBase"]
[SourceDate "2004.09.01"]
[SourceVersion "2"]
[SourceVersionDate "2004.09.01"]
[SourceQuality "1"]

1. Nf3 Nf6 2. c4 e6 3. Nc3 Bb4 4. Qc2 c5 5. a3 Bxc3 6. Qxc3 b6 7. g3 Bb7 8. Bg2
Nc6 9. O-O d5 10. d3 O-O 11. b4 d4 12. Qb2 Nd7 13. bxc5 Nxc5 14. Qc2 e5 15. Bd2
Re8 16. Rad1 Nb8 17. Bb4 Nbd7 18. Bxc5 Nxc5 19. Nh4 Bxg2 20. Nxg2 Qd7 21. e4
Qa4 22. Qxa4 Nxa4 23. f4 f6 24. Ne1 Nc3 25. Rd2 Rac8 26. fxe5 fxe5 27. Rf5 Rc5
28. Nc2 Rf8 29. Rdf2 Rxf5 30. Rxf5 a5 31. Na1 g6 32. Rf6 Ne2+ 33. Kg2 Nc1 34.
Rxb6 Nxd3 35. Nb3 Rxc4 36. Nxa5 Rc2+ 37. Kh3 Nf2+ 38. Kh4 Nxe4 39. h3 d3 40.
Nb3 Rb2 41. Rb4 d2 42. Nxd2 Rxb4 43. axb4 Nxd2 44. b5 Nf3+ 45. Kg4 Nd4 46. b6
h5+ 0-1

[Event "Rio de Janeiro Andrade Memorial"]
[Site "Rio de Janeiro"]
[Date "2004.07.24"]
[Round "5"]
[White "Delgado Ramirez, Neuris"]
[Black "Viana, Dirceu"]
[Result "1-0"]
[WhiteElo "2550"]
[BlackElo "2222"]
[PlyCount "79"]
[EventDate "2004.07.20"]
[EventType "tourn"]
[EventRounds "11"]
[EventCountry "BRA"]
[EventCategory "2"]
[SourceTitle "CBM 101 Extra"]
[Source "ChessBase"]
[SourceDate "2004.09.01"]
[SourceVersion "2"]
[SourceVersionDate "2004.09.01"]
[SourceQuality "1"]

1. e4 e5 2. Nf3 Nc6 3. Bb5 a6 4. Ba4 f5 5. d3 fxe4 6. dxe4 Nf6 7. Qd3 d6 8. a3
Be6 9. Nc3 Be7 10. Ng5 Bg8 11. Nd5 Nd7 12. Nxe7 Qxe7 13. Qc3 Ndb8 14. b4 h6 15.
Qh3 b5 16. Qh5+ Kd7 17. Qh3+ Ke8 18. Bb3 Bxb3 19. cxb3 Nd4 20. O-O Rf8 21. Nh7
Rh8 22. Ng5 Rf8 23. Qh5+ Kd7 24. Nh3 Kc8 25. Be3 Nbc6 26. Rfc1 Qf7 27. Qg4+ Kb7
28. Rc3 Qe6 29. Qd1 g5 30. Kh1 Rf7 31. a4 g4 32. Ng1 Qg6 33. axb5 axb5 34. Rxa8
Kxa8 35. Rxc6 Nxc6 36. Qd5 Rf8 37. Qxc6+ Kb8 38. Qa6 Qf7 39. Ba7+ Ka8 40. Ne2
1-0

[Event "Rio de Janeiro Andrade Memorial"]
[Site "Rio de Janeiro"]
[Date "2004.07.24"]
[Round "6"]
[White "Brunner Beamud, Alfonso"]
[Black "Delgado Ramirez, Neuris"]
[Result "0-1"]
[WhiteElo "2078"]
[BlackElo "2550"]
[PlyCount "72"]
[EventDate "2004.07.20"]
[EventType "tourn"]
[EventRounds "11"]
[EventCountry "BRA"]
[EventCategory "2"]
[SourceTitle "CBM 101 Extra"]
[Source "ChessBase"]
[SourceDate "2004.09.01"]
[SourceVersion "2"]
[SourceVersionDate "2004.09.01"]
[SourceQuality "1"]

1. d4 Nf6 2. c4 e6 3. Nc3 Bb4 4. Qc2 O-O 5. a3 Bxc3+ 6. Qxc3 b6 7. Bg5 Bb7 8.
f3 d5 9. e3 Nbd7 10. Bd3 h6 11. Bxf6 Nxf6 12. c5 bxc5 13. Qxc5 e5 14. Rc1 c6
15. Ne2 Nd7 16. Qb4 Rb8 17. Qd2 Qh4+ 18. g3 Qe7 19. O-O Rfe8 20. Rfe1 Qf6 21.
Rf1 Re7 22. Kg2 Rbe8 23. Rce1 c5 24. Bb5 Qb6 25. a4 a6 26. Bxd7 Rxd7 27. Rc1
cxd4 28. exd4 e4 29. Rc3 Rc7 30. f4 e3 31. Qc2 a5 32. Rc5 h5 33. Re1 h4 34. Rb5
Qf6 35. g4 Ba6 36. Rxd5 Bb7 0-1

[Event "Rio de Janeiro Andrade Memorial"]
[Site "Rio de Janeiro"]
[Date "2004.07.26"]
[Round "7"]
[White "Delgado Ramirez, Neuris"]
[Black "Marrero Lopez, Yaniet"]
[Result "1/2-1/2"]
[WhiteElo "2550"]
[BlackElo "2233"]
[PlyCount "25"]
[EventDate "2004.07.20"]
[EventType "tourn"]
[EventRounds "11"]
[EventCountry "BRA"]
[EventCategory "2"]
[SourceTitle "CBM 101 Extra"]
[Source "ChessBase"]
[SourceDate "2004.09.01"]
[SourceVersion "2"]
[SourceVersionDate "2004.09.01"]
[SourceQuality "1"]

1. e4 e5 2. Nf3 Nc6 3. Bb5 Nf6 4. O-O Nxe4 5. d4 Nd6 6. Bxc6 dxc6 7. dxe5 Nf5
8. Qxd8+ Kxd8 9. Nc3 h6 10. Re1 Bb4 11. Bd2 Be6 12. a3 Bxc3 13. Bxc3 1/2-1/2

[Event "Rio de Janeiro Andrade Memorial"]
[Site "Rio de Janeiro"]
[Date "2004.07.26"]
[Round "8"]
[White "Lima, Darcy Gustavo Macha"]
[Black "Delgado Ramirez, Neuris"]
[Result "1/2-1/2"]
[WhiteElo "2545"]
[BlackElo "2550"]
[PlyCount "92"]
[EventDate "2004.07.20"]
[EventType "tourn"]
[EventRounds "11"]
[EventCountry "BRA"]
[EventCategory "2"]
[SourceTitle "CBM 101 Extra"]
[Source "ChessBase"]
[SourceDate "2004.09.01"]
[SourceVersion "2"]
[SourceVersionDate "2004.09.01"]
[SourceQuality "1"]

1. d4 Nf6 2. Bg5 g6 3. Bxf6 exf6 4. e3 Bg7 5. h4 O-O 6. h5 d6 7. Ne2 c5 8. Nbc3
Nc6 9. hxg6 hxg6 10. Qd2 f5 11. O-O-O cxd4 12. exd4 d5 13. g3 Be6 14. Bg2 Rc8
15. Kb1 b5 16. Nf4 Nxd4 17. Nxe6 Nxe6 18. Nxd5 Re8 19. Rhe1 a5 20. c3 Rb8 21.
a3 Qc8 22. f4 Qc5 23. Qe3 Qxe3 24. Rxe3 Kf8 25. Bf3 Red8 26. Re2 b4 27. cxb4
axb4 28. a4 Nc5 29. a5 Rb5 30. Rde1 Ne6 31. Rxe6 Rbxd5 32. Re8+ Rxe8 33. Rxe8+
Kxe8 34. Bxd5 Bd4 35. a6 f6 36. Kc2 Kd7 37. Bf7 g5 38. Bg6 Kc7 39. fxg5 fxg5
40. Bxf5 Kb6 41. Bc8 g4 42. Kb3 Bf2 43. Bxg4 Bxg3 44. Be2 Be5 45. Ka2 Bd4 46.
Kb1 b3 1/2-1/2

[Event "Rio de Janeiro Andrade Memorial"]
[Site "Rio de Janeiro"]
[Date "2004.07.27"]
[Round "9"]
[White "Delgado Ramirez, Neuris"]
[Black "Teixeira, Ricardo da Silva"]
[Result "1-0"]
[WhiteElo "2550"]
[BlackElo "2401"]
[PlyCount "120"]
[EventDate "2004.07.20"]
[EventType "tourn"]
[EventRounds "11"]
[EventCountry "BRA"]
[EventCategory "2"]
[SourceTitle "CBM 101 Extra"]
[Source "ChessBase"]
[SourceDate "2004.09.01"]
[SourceVersion "2"]
[SourceVersionDate "2004.09.01"]
[SourceQuality "1"]

1. e4 e6 2. d4 d5 3. e5 c5 4. c3 Nc6 5. Nf3 Bd7 6. a3 c4 7. g3 Na5 8. Nbd2 f5
9. h4 Nh6 10. Ng5 Qe7 11. Bg2 Nf7 12. Nh3 Bc6 13. Rb1 Qd7 14. Nf3 O-O-O 15. Bg5
Re8 16. Be3 Be7 17. Kf1 g6 18. Nfg5 Nd8 19. Nf4 Reg8 20. Nf3 h6 21. Nd2 Ba4 22.
Qc1 Nb3 23. Nxb3 Bxb3 24. Qd2 Nc6 25. Re1 Bd8 26. Ke2 Ba4 27. Rh2 Na5 28. Reh1
Nb3 29. Qe1 Bc6 30. Kf1 Qf7 31. Qe2 Rh7 32. g4 Bd7 33. gxf5 Qxf5 34. Bh3 Qf7
35. Qg4 Qf5 36. Qe2 Qf7 37. h5 g5 38. Ng6 Na5 39. Bg4 Nc6 40. Rh3 Ne7 41. Nxe7+
Bxe7 42. Qc2 Rhg7 43. b3 cxb3 44. Qxb3 Bd8 45. Kg2 Bc6 46. Rf3 Qd7 47. Qb4 Be7
48. Qa5 b6 49. Qa6+ Kb8 50. Re1 Bb7 51. Qd3 Rf8 52. Rxf8+ Bxf8 53. a4 Bc6 54.
a5 b5 55. a6 Be7 56. Bd2 Bd8 57. Qh3 Re7 58. Bc1 Re8 59. Ba3 Qf7 60. Qd3 Bb6
1-0

[Event "Rio de Janeiro Andrade Memorial"]
[Site "Rio de Janeiro"]
[Date "2004.07.28"]
[Round "10"]
[White "Di Berardino, Diego Rafael"]
[Black "Delgado Ramirez, Neuris"]
[Result "1/2-1/2"]
[WhiteElo "2308"]
[BlackElo "2550"]
[PlyCount "92"]
[EventDate "2004.07.20"]
[EventType "tourn"]
[EventRounds "11"]
[EventCountry "BRA"]
[EventCategory "2"]
[SourceTitle "CBM 101 Extra"]
[Source "ChessBase"]
[SourceDate "2004.09.01"]
[SourceVersion "2"]
[SourceVersionDate "2004.09.01"]
[SourceQuality "1"]

1. e4 c5 2. Nf3 d6 3. d4 cxd4 4. Nxd4 Nf6 5. Nc3 Nc6 6. Bc4 e6 7. Be3 Be7 8.
Qe2 O-O 9. O-O-O Bd7 10. Bb3 Na5 11. f4 Nxb3+ 12. axb3 Qa5 13. Kb1 Rfc8 14.
Rhf1 Bc6 15. Bd2 Qc5 16. Be1 Qh5 17. Nf3 b5 18. e5 dxe5 19. fxe5 Nd5 20. Nxd5
Bxd5 21. Qxb5 Qg6 22. Nd4 Bc5 23. Qe2 a5 24. Rf4 h5 25. g4 Bxd4 26. Rfxd4 hxg4
27. R1d2 Bxb3 28. Qe4 Qxe4 29. Rxe4 Bd5 30. Rxg4 a4 31. Bh4 Rc4 32. Rxc4 Bxc4
33. Rd4 Rc8 34. Be7 Rc7 35. Bd6 Rc8 36. Be7 Rc6 37. Rg4 Kh7 38. Bf8 f5 39.
Rxg7+ Kh8 40. Rg5 Bd5 41. Kc1 Rc4 42. Be7 Re4 43. Kd2 Rd4+ 44. Ke3 Re4+ 45. Kd2
Rd4+ 46. Ke3 Re4+ 1/2-1/2

[Event "Rio de Janeiro Andrade Memorial"]
[Site "Rio de Janeiro"]
[Date "2004.07.29"]
[Round "11"]
[White "Delgado Ramirez, Neuris"]
[Black "Toth, Peter"]
[Result "1-0"]
[WhiteElo "2550"]
[BlackElo "2133"]
[PlyCount "99"]
[EventDate "2004.07.20"]
[EventType "tourn"]
[EventRounds "11"]
[EventCountry "BRA"]
[EventCategory "2"]
[SourceTitle "CBM 101 Extra"]
[Source "ChessBase"]
[SourceDate "2004.09.01"]
[SourceVersion "2"]
[SourceVersionDate "2004.09.01"]
[SourceQuality "1"]

1. e4 e5 2. Nf3 Nf6 3. Nxe5 d6 4. Nf3 Nxe4 5. Bd3 Nc5 6. Be2 Be7 7. O-O O-O 8.
c4 c6 9. Nc3 Bf5 10. d4 Ne4 11. Bd3 Nxc3 12. bxc3 Bxd3 13. Qxd3 Nd7 14. Rb1 b6
15. Bf4 Re8 16. Qf5 Nf6 17. Rfe1 Qc8 18. Qd3 Qg4 19. Bg5 h6 20. h3 Qd7 21. Bh4
Nh5 22. Bxe7 Rxe7 23. Rxe7 Qxe7 24. Qf5 Nf6 25. Re1 Qd7 26. Qxd7 Nxd7 27. Kf1
Kf8 28. a4 Rb8 29. Nd2 Nf6 30. Rb1 Ke7 31. Ke2 Kd7 32. Kd3 Kc7 33. g4 Re8 34.
f4 g6 35. a5 Nd7 36. axb6+ Nxb6 37. Ra1 Nc8 38. h4 Kb6 39. Ne4 a5 40. Nd2 Re7
41. g5 hxg5 42. fxg5 Ra7 43. c5+ Kc7 44. Nc4 a4 45. Rf1 Kd8 46. cxd6 a3 47. Ne5
Ra6 48. d7 Nd6 49. h5 gxh5 50. g6 1-0

[Event "Calvia ol (Men)"]
[Site "Mallorca"]
[Date "2004.10.17"]
[Round "3"]
[White "Kengis, Edvins"]
[Black "Delgado Ramirez, Neuris"]
[Result "1/2-1/2"]
[WhiteElo "2543"]
[BlackElo "2554"]
[PlyCount "56"]
[EventDate "2004.10.15"]
[EventType "team-swiss"]
[EventRounds "14"]
[EventCountry "ESP"]
[SourceTitle "CBM 104"]
[Source "ChessBase"]
[SourceDate "2005.01.27"]
[SourceVersion "1"]
[SourceVersionDate "2005.01.27"]
[SourceQuality "1"]
[WhiteTeam "Latvia"]
[BlackTeam "Cuba"]
[WhiteTeamCountry "LAT"]
[BlackTeamCountry "CUB"]

1. Nf3 Nf6 2. c4 e6 3. g3 d5 4. Bg2 dxc4 5. Qa4+ Nbd7 6. Qxc4 a6 7. Qb3 c5 8.
d3 Be7 9. O-O O-O 10. Nc3 Ra7 11. Rd1 b6 12. d4 Bb7 13. Bg5 Qb8 14. Bf4 Qa8 15.
dxc5 Bxc5 16. Bd6 Rc8 17. Bxc5 bxc5 18. Rd6 c4 19. Qa3 Bc6 20. Rad1 h6 21. Ne1
Bxg2 22. Nxg2 a5 23. Ne3 Qb8 24. R6d4 Qb4 25. Nc2 Qb8 26. Ne3 Qb4 27. Nc2 Qb8
28. Ne3 Qb4 1/2-1/2

[Event "Calvia ol (Men)"]
[Site "Mallorca"]
[Date "2004.10.18"]
[Round "4"]
[White "Delgado Ramirez, Neuris"]
[Black "Van den Doel, Erik"]
[Result "1/2-1/2"]
[WhiteElo "2554"]
[BlackElo "2560"]
[PlyCount "106"]
[EventDate "2004.10.15"]
[EventType "team-swiss"]
[EventRounds "14"]
[EventCountry "ESP"]
[SourceTitle "CBM 104"]
[Source "ChessBase"]
[SourceDate "2005.01.27"]
[SourceVersion "1"]
[SourceVersionDate "2005.01.27"]
[SourceQuality "1"]
[WhiteTeam "Cuba"]
[BlackTeam "Netherlands"]
[WhiteTeamCountry "CUB"]
[BlackTeamCountry "NED"]

1. e4 e5 2. Nf3 Nc6 3. Bb5 a6 4. Ba4 Nf6 5. Bxc6 dxc6 6. d3 Bd6 7. Bg5 h6 8.
Bh4 Qe7 9. Nbd2 Be6 10. Qe2 c5 11. Nc4 Bxc4 12. dxc4 Qe6 13. Bxf6 Qxf6 14.
O-O-O O-O-O 15. g3 Qe6 16. h4 c6 17. b3 Be7 18. Qe3 Rxd1+ 19. Rxd1 Rd8 20.
Rxd8+ Kxd8 21. Ne1 Kc7 22. Nd3 b6 23. a4 a5 24. Qf3 g6 25. h5 Qf6 26. Qxf6 Bxf6
27. hxg6 fxg6 28. Kd2 Kd6 29. Ke3 Ke6 30. Kf3 Be7 31. Kg4 Kf6 32. Ne1 Bd6 33.
Ng2 Be7 34. Ne3 h5+ 35. Kh3 Kg5 36. Ng2 Kf6 37. Nh4 Bd6 38. Nf3 g5 39. Ne1 Kg6
40. Ng2 Kf6 41. f3 Kg6 42. Ne3 Kf6 43. Nf5 Bc7 44. Kg2 Bb8 45. Kf2 Bc7 46. Ke2
Bb8 47. c3 Bc7 48. Kd3 Bb8 49. Kc2 Bc7 50. Kb2 Bd8 51. Kc2 Bc7 52. Kb2 Bd8 53.
Kc2 Bc7 1/2-1/2

[Event "Calvia ol (Men)"]
[Site "Mallorca"]
[Date "2004.10.19"]
[Round "5"]
[White "Degraeve, Jean Marc"]
[Black "Delgado Ramirez, Neuris"]
[Result "1-0"]
[WhiteElo "2551"]
[BlackElo "2554"]
[Annotator "Ftacnik,L"]
[PlyCount "93"]
[EventDate "2004.10.15"]
[EventType "team-swiss"]
[EventRounds "14"]
[EventCountry "ESP"]
[SourceTitle "CBM 104"]
[Source "ChessBase"]
[SourceDate "2005.01.27"]
[SourceVersion "1"]
[SourceVersionDate "2005.01.27"]
[SourceQuality "1"]
[WhiteTeam "France"]
[BlackTeam "Cuba"]
[WhiteTeamCountry "FRA"]
[BlackTeamCountry "CUB"]

1. e4 c5 2. Nf3 d6 3. d4 cxd4 4. Nxd4 Nf6 5. Nc3 a6 6. Bc4 e6 7. Bb3 Nbd7 8. f4
Nc5 9. O-O Qc7 10. Qe2 Be7 11. e5 Nxb3 12. axb3 dxe5 13. fxe5 Nd7 {A fighting
move, but Black is willingly accepting the risk. White pieces will quickly
access the kingside.} (13... Bc5 $5 14. exf6 Bxd4+ 15. Kh1 Bxf6 16. Bf4 (16.
Nd5 Qe5 17. Nxf6+ gxf6 18. Qf3 Rg8 19. Bf4 (19. Bd2 Qd5 20. Qxd5 {1/2-1/2
Moreno Carnero,J-Ftacnik,L/Hamburg 2004/ (20)}) 19... Qd5 20. Qf2 Bd7 21. Rad1
Qf5 22. Qd2 Bc6 23. Bg3 Qh5 24. Qd6 $13 {1-0 Olivier,J-Astengo,C/Geneve 1999/ 
(49)}) 16... Qc6 17. Ne4 Be7 18. Be5 f6 19. Qg4 Rf8 20. Rad1 f5 21. Qh5+ g6 22.
Qxh7 Qxe4 23. Qxg6+ Rf7 24. Bd6 Qg4 $19 {1-0 Caruso,A-Penttinen,J/Tallinn 1997/
(29)}) 14. Bf4 O-O 15. Kh1 Bc5 (15... b6 16. Ncb5 Qb7 17. Nd6 Bxd6 18. exd6 Qd5
19. c3 Bb7 20. b4 Rae8 21. Rfd1 $14) 16. Rad1 (16. Ndb5 Qc6 17. Ne4 Bb6 18.
Nbd6 $14) 16... b5 17. Ne4 Bxd4 (17... Bb7 18. Nf6+ $1 Nxf6 19. exf6 Qb6 20.
fxg7 Rfd8 21. c3 $16) 18. Rxd4 Nxe5 (18... f5 19. exf6 e5 20. Nd6 Nxf6 (20...
exd4 21. Qe6+ Kh8 22. fxg7+ Kxg7 23. Bh6+ Kh8 24. Rxf8+ Nxf8 25. Qf6+ $18) 21.
Bxe5 $16) 19. Qh5 (19. Ng5 f6 20. Rdd1 (20. Nxh7 $6 Kxh7 21. Qe4+ Kg8 22. Qxa8
Bb7 23. Bxe5 Qc6 24. Qxf8+ Kxf8 25. Rd2 Qe4 $15) 20... fxg5 21. Bxe5 Rxf1+ 22.
Rxf1 Qe7 $11) 19... f5 (19... f6 20. Bxe5 Qxe5 (20... fxe5 21. Rxf8+ Kxf8 22.
Rd2 $18) 21. Nxf6+ Qxf6 22. Rxf6 gxf6 23. Rg4+ Kh8 24. Qc5 Rf7 25. Qc6 Bb7 26.
Qxe6 $18) 20. Ng5 h6 21. Re1 hxg5 22. Bxe5 Qe7 (22... Qxc2 23. Bxg7 $1 (23.
Qxg5 Ra7 $13) 23... Kxg7 24. Qxg5+ Kf7 25. Rh4 f4 26. Rxf4+ Ke8 27. Rxf8+ Kxf8
28. Rf1+ Ke8 29. Qg7 $18) (22... Qf7 23. Qxg5 Ra7 24. Red1 $16) 23. Red1 Ra7 $6
{[%mdl 256] This is the true reason behind Black's problems in the inferior
position.} ({Much better chances to hold the game were promised by} 23... g4 $1
24. h3 Qf7 (24... gxh3 25. Rh4 hxg2+ 26. Kxg2 $18) 25. hxg4 (25. Qh4 Qg6 26.
hxg4 Qh7 27. Qxh7+ Kxh7 28. c4 $14) 25... Qxh5+ 26. gxh5 Kh7 27. c4 Kh6 28. c5
$14) 24. Bd6 Qf7 25. Qxg5 Re8 26. Be5 Rd7 (26... Bb7 27. Kg1 Bd5 28. c4 Bc6 29.
Rd6 $16) 27. Rxd7 Bxd7 28. Rd3 (28. Bxg7 $6 Qxg7 29. Qxg7+ Kxg7 30. Rxd7+ Kf6
$11) 28... Bc6 29. Rg3 f4 (29... Re7 30. Bxg7 $1 Qxg7 31. Qxe7 $18) 30. Qxg7+
Qxg7 31. Rxg7+ Kf8 32. Rh7 {It is not so easy to play the best moves in
superior position, the most exact might have been 32.Rc7!} (32. Rc7 $1 Rd8 33.
Kg1 Rd1+ 34. Kf2 Be4 35. Bxf4 $18) 32... f3 (32... Be4 33. Rh8+ (33. Rc7 $2 Rd8
34. Kg1 Rd2 $15) 33... Kf7 34. Rxe8 Kxe8 35. c4 f3 36. gxf3 Bxf3+ 37. Kg1 $16)
33. gxf3 Bxf3+ 34. Kg1 Bd1 (34... Be4 35. Rc7 $16) 35. c4 Bxb3 (35... bxc4 36.
bxc4 Bb3 37. c5 $18) 36. c5 Bd5 37. b4 {In materially equal position White
holds all the best cards in his hand.} Ra8 38. h4 a5 (38... Be4 39. Rc7 a5 40.
h5 a4 41. h6 a3 42. h7 Bxh7 43. Rxh7 $18) 39. h5 Be4 (39... axb4 40. h6 Ra2 41.
Rg7 Be4 42. c6 Rc2 43. c7 b3 44. h7 Bxh7 45. Rxh7 $18) 40. Rh8+ Kf7 41. Rxa8
Bxa8 42. bxa5 b4 43. a6 b3 44. Kf2 Kg8 45. Ke3 Kh7 46. Kf4 Kh6 47. Bb2 (47. Bb2
Kxh5 48. Ke5 Bd5 49. Kd6 Kg4 50. c6 $18) 1-0

[Event "Calvia ol (Men)"]
[Site "Mallorca"]
[Date "2004.10.22"]
[Round "7"]
[White "Jobava, Baadur"]
[Black "Delgado Ramirez, Neuris"]
[Result "1-0"]
[WhiteElo "2614"]
[BlackElo "2554"]
[Annotator "Ramirez Alvarez,Alejandro"]
[PlyCount "67"]
[EventDate "2004.10.15"]
[EventType "team-swiss"]
[EventRounds "14"]
[EventCountry "ESP"]
[SourceTitle "CBM 104"]
[Source "ChessBase"]
[SourceDate "2005.01.27"]
[SourceVersion "1"]
[SourceVersionDate "2005.01.27"]
[SourceQuality "1"]
[WhiteTeam "Georgia"]
[BlackTeam "Cuba"]
[WhiteTeamCountry "GEO"]
[BlackTeamCountry "CUB"]

{[%mdl 1]} 1. d4 Nf6 2. c4 e6 3. Nf3 b6 4. Bg5 {Definetley not the main line,
but a perfectly playable move.} Bb7 5. Nc3 h6 6. Bh4 Be7 (6... g5 {Is another
way to tackle the position, with the idea to gain the bishop pair, and to
queen side castle.} 7. Bg3 Nh5 8. e3 Nxg3 9. hxg3 Bg7 10. Bd3 Nc6 {And black
alas won in the classic game Kortschnoj, V - Sax, G Clermont 1989 0-1 (36)}) 7.
e3 Ne4 8. Nxe4 $1 {The correct method, after which white is slightly better.}
Bxe4 (8... Bxh4 {Is considered dubious by Kamsky, because after} 9. Bd3 Be7 10.
Qb3 d6 11. h4 $36 {He had an initiative in the game Kamsky, G - Yudasin, L
Biel(izt) 1993 1-0 (34)}) 9. Bg3 $1 {Keeping the bishops, there is no need to
exchange them, as was played in previous games.} O-O 10. Nd2 {White has a
space advantage, which will guarantee him an edge. Yet black, as usual in a
queens indian, has no weaknesses yet and has a very solid position.} Bb7 11.
Bd3 $1 {A bit of tactics use to develop the pieces in a comfortable way.} d6 (
11... Bxg2 $2 12. Rg1 Bb7 13. Bf4 $1 $18 {And already white's attack is
unstopable, some sample lines:} Kh8 (13... f5 14. Bxh6 Bf6 15. Qh5 c5 16. O-O-O
$18) (13... Bg5 14. Bxg5 hxg5 15. Qh5 f5 $8 16. Rxg5 $18) 14. Bxh6 gxh6 15. Qh5
Bg5 16. h4 $18) 12. O-O Nd7 13. e4 Bh4 14. Bxh4 Qxh4 15. f4 {White is rolling
his pawns up, and black can't allow himself to be smothered, so he tried to
break up whites center.} e5 (15... c5 {Was another alternative} 16. d5 a6 {
Aiming for b5.} 17. Qf3 b5 $5 (17... Rfe8 18. Rae1 b5 19. dxe6 Rxe6 20. cxb5
$14) 18. cxb5 exd5 19. exd5 axb5 20. Bxb5 Nf6 {When black has some
compensation for his pawn.}) 16. fxe5 dxe5 17. d5 $1 {Many players wouldn't go
for the f4 pawn push, if they forsaw this position, claiming to have an
extremely bad d3 bishop and weak dark squares. But Jobava sees further, and
knows that his king side initiative will more then compensate for this factors}
c6 18. Rc1 $1 {With many ideas: 1) against Nc5 white will have Bb1, without
shutting his rook out. 2) against cxd5 his rook is already posted on an open
file in case he decides to retake with the c pawn 3) the possibility of
Rc3-transfer to the king side.} Qe7 19. Qe2 Nc5 20. Bb1 {Preserving the
"useless" bishop, but just wait and see how it comes to life!} a5 21. Rf3 (21.
Rc3 {Seemed a bit more logical}) 21... Rad8 22. Qf2 Ba6 23. b3 Rc8 24. Nf1 {
White is slowly transfering his pieces to very agressive positions. Black's
plan is on the other hand not totally clear.} cxd5 $2 {There was no need to
open the b1 bishop, a better try was} (24... b5 $6 25. Ne3 Qg5 26. Rf1 $18) (
24... Rc7 25. Ne3 Bc8 $1 {A bit passive, but it seems sufficient for the time
being.}) 25. exd5 g6 {Perhaps Neuris was counting on this pawn to stop the N,
and also to aid with a possible f5 push, but Baadur crushes this illusions
with a swift attack.} 26. Re1 Nd7 27. Ne3 {Now it was indispensible to play} b5
$2 {Jobava will give no more opportunities!} (27... f5 {But even so, after} 28.
Qg3 $1 Qg7 29. Qh3 {(threatening Nxf5)} e4 30. Rf4 {white has a big attack,
with g4 ideas}) 28. Nf5 $3 {Not very hard to calculate, but quite pleasing to
the eye. Taking the knight is not possible, but anything else will also lose.}
Qc5 (28... gxf5 29. Rg3+ Kh8 30. Qxf5 Nf6 31. Rxe5 $1 {The most exact} Qd8 32.
Rh3 Kg7 33. Qg5+ $3 {With mate.}) 29. Ree3 e4 30. Nxh6+ Kg7 31. Nf5+ {The
kamikaze knight goes back to f5, and black decides to finally take it. But the
position is doomed, and a swift mate will follow.} gxf5 32. Qg3+ Kf6 33. Qh4+
Ke5 34. Rxf5+ $1 {Aesthetically very pleasing attacking game.} 1-0